04862nam a22004935i 4500999001700000001001800017003000900035005001700044006001900061007001500080008004100095020001800136024003500154040001100189050001100200072001800211072002300229072001700252082001400269245011300283250001800396264007500414300006900489336002600558337002600584338003600610347002400646505069900670520250301369650002403872650002503896650003203921650002503953650001503978650004503993650005504038700008404093710003404177773002604211776003604237776003604273856004604309942001304355 c27394d27394978-3-030-04330-8DE-He21320240716155608.0a|||||o|||| 00| 0 cr nn 008mamaa190211s2019 sz | s |||| 0|eng d a97830300433087 a10.1007/978-3-030-04330-82doi cimu-kc 4aHD38.5 7aKJMV92bicssc 7aBUS0870002bisacsh 7aKJMV92thema04a658.722310aSustainable Shippingh[electronic resource] :bA Cross-Disciplinary View /cedited by Harilaos N. Psaraftis. a1st ed. 2019. 1aCham :bSpringer International Publishing :bImprint: Springer,c2019. aXXXII, 477 p. 111 illus., 100 illus. in color.bonline resource. atextbtxt2rdacontent acomputerbc2rdamedia aonline resourcebcr2rdacarrier atext filebPDF2rda0 aChapter 1. Maritime Transport- The Sustainability Imperative -- Chapter 2. Green Ship Technologies -- Chapter 3. The Energy Efficiency Design Index (EEDI) -- Chapter 4. ICT for Sustainable Shipping -- Chapter 5. Oil pollution- Sustainable Ships and Shipping -- Chapter 6. Ship Recycling -- Chapter 7. Reducing Sulphur Emissions: Logistical and Environmental Considerations -- Chapter 8. Green Tramp Shipping Routing and Scheduling: Effects of Market-based Measures on CO2 Reduction -- Chapter 9. Green Liner Network Design -- Chapter 10. Speed Optimization for Sustainable Shipping -- Chapter 11. Reducing GHGs: the MBM and MRV Agendas -- Chapter 12. Green Ports -- Chapter 13. The Way Ahead.-. aInternational shipping is currently at a crossroads. The decision of the International Maritime Organization (IMO) in April 2018 to adopt an Initial Strategy so as to achieve by 2050 a reduction of at least 50% in maritime greenhouse gas (GHG) emissions vis-à-vis 2008 levels epitomizes the last among a series of recent developments as regards sustainable shipping. It also sets the scene on what may happen in the future. Even though many experts and industry circles believe that the IMO decision is in line with the COP21 climate change agreement in Paris in 2015, others disagree, either on the ground that the target is not ambitious enough, or on the ground that no clear pathway to reach the target is currently visible. This book takes a cross-disciplinary view of the various dimensions of the maritime transportation sustainability problem. “Cross-disciplinary” means that a variety of angles are used to examine the book topics, and these mainly include the technological angle, the economics angle, the logistics angle, and the environmental angle. The book reviews models that can be used to evaluate decisions, policy alternatives and tradeoffs. For sustainable shipping, a spectrum of technical, logistics-based and market based measures are being contemplated. All may have important side-effects as regards the economics and logistics of the maritime supply chain, including ports and hinterland connections. The objective to attain an acceptable environmental performance, while at the same time respecting traditional economic performance criteria so that shipping remains viable, is and is likely to be a central goal for both industry and policy-makers in the years ahead. At the same time, policy fragmentation is likely to create distortions of competition and sub-optimal solutions. This book attempts to address these issues and identify better solutions. Sustainable Shipping: A Cross-Disciplinary View includes chapters that cover many relevant topics. These include a general view of maritime transport sustainability, green ship technologies, information and communication technologies (ICTs) for sustainable shipping, green tramp ship routing and scheduling, green liner network design and speed optimization. Market based measures, oil pollution, ship recycling, sulphur emissions, ballast water management, alternative fuels and green ports are also covered. The book concludes by discussing prospects for the future, with a focus on the IMO Initial Strategy. 0aBusiness logistics. 0aOperations research. 0aTransportation engineering. 0aTraffic engineering.14aLogistics.24aOperations Research and Decision Theory.24aTransportation Technology and Traffic Engineering.1 aPsaraftis, Harilaos N.eeditor.4edt4http://id.loc.gov/vocabulary/relators/edt2 aSpringerLink (Online service)0 tSpringer Nature eBook08iPrinted edition:z978303004329208iPrinted edition:z978303004331540uhttps://doi.org/10.1007/978-3-030-04330-8 2ddccEBK